00249nam a2200097Ia 4500008004100000100002000041245004200061260002400103300000800127650001600135191201s2006 xx 000 0 und d aBANCROFT, Randy 0aMicrostrip and Printed Antenna Design aN. DelhibPHIc2006 a250 aB.Tech(ECE)